Fundamentals of plant physiology / (Record no. 2888)

MARC details
000 -LEADER
fixed length control field 00591nam a22002297a 4500
001 - CONTROL NUMBER
control field BD-DhSAU 2888
003 - CONTROL NUMBER IDENTIFIER
control field BD-DhSAU
005 - DATE AND TIME OF LATEST TRANSACTION
control field 20150203102437.0
008 - FIXED-LENGTH DATA ELEMENTS--GENERAL INFORMATION
fixed length control field 150202b1983 ii a|||| |||| 00| 0 eng d
020 ## - INTERNATIONAL STANDARD BOOK NUMBER
International Standard Book Number 8121903097
040 ## - CATALOGING SOURCE
Original cataloging agency BD-DhSAU
082 ## - DEWEY DECIMAL CLASSIFICATION NUMBER
Edition number 22
Classification number 581.1
Item number JAF
100 ## - MAIN ENTRY--PERSONAL NAME
Personal name Jain, V. K.
245 ## - TITLE STATEMENT
Title Fundamentals of plant physiology /
Statement of responsibility, etc. V. K. Jain
250 ## - EDITION STATEMENT
Edition statement 3rd ed.
260 ## - PUBLICATION, DISTRIBUTION, ETC. (IMPRINT)
Place of publication, distribution, etc. New Delhi :
Name of publisher, distributor, etc. S. Chand & Co. Ltd ,
Date of publication, distribution, etc. 1983.
300 ## - PHYSICAL DESCRIPTION
Extent xii, 373 p. :
Other physical details ill. ;
Dimensions 21 cm.
590 ## - Name of Cataloguer
Name of Cataloger tamanna
650 ## - SUBJECT ADDED ENTRY--TOPICAL TERM
Topical term or geographic name as entry element Botany
650 ## - SUBJECT ADDED ENTRY--TOPICAL TERM
Topical term or geographic name as entry element plant physiology
650 ## - SUBJECT ADDED ENTRY--TOPICAL TERM
Topical term or geographic name as entry element physiology
942 ## - ADDED ENTRY ELEMENTS (KOHA)
Source of classification or shelving scheme Dewey Decimal Classification
Koha item type Book
Holdings
Withdrawn status Lost status Source of classification or shelving scheme Damaged status Not for loan Home library Branch Name Shelving location Date acquired Total Checkouts Full call number Barcode Date last seen Date checked out Price effective from Koha item type
    Dewey Decimal Classification     SAU Library SAU Library General Stacks 26/06/1989 2 581.1 JAF 12999 05/11/2018 10/10/2018 03/02/2015 Book
    Dewey Decimal Classification     SAU Library SAU Library General Stacks 26/06/1989 3 581.1 JAF 13005 16/06/2025 15/12/2024 16/02/2015 Book
    Dewey Decimal Classification     SAU Library SAU Library General Stacks 26/06/1989 2 581.1 JAF 13001 15/02/2018 08/02/2018 16/02/2015 Book
    Dewey Decimal Classification     SAU Library SAU Library General Stacks 26/06/1989 2 581.1 JAF 13002 10/03/2019 20/02/2019 24/02/2015 Book
    Dewey Decimal Classification     SAU Library SAU Library General Stacks 16/05/1985 1 581.1 JAF 9925 23/05/2023 23/05/2023 24/02/2015 Book
    Dewey Decimal Classification     SAU Library SAU Library General Stacks 16/05/1985   581.1 JAF 9928 24/02/2015   24/02/2015 Book
    Dewey Decimal Classification     SAU Library SAU Library General Stacks 16/05/1985 1 581.1 JAF 9926 06/12/2018 06/12/2018 24/02/2015 Book